000 00715nam a22002177a 4500
999 _c9447
_d9447
003 AR-CdUCM
008 190328b ||||| |||| 00| 0 spa d
040 _aMUNICIPALIDAD PROVINCIAL DEL CUSCO
_cBIBLIOTECA MUNICIPAL DEL CUSCO
082 _a869.44 /
_bN28
100 _aNava, Paz Nery
_925640
245 _aLina :
_bNovela /
260 _aLa Paz :
_bRenovación,
_c1971.
300 _a174 paginas ;
_c19 cm.
500 _aDonación familia Nieto.
505 _aContenido :La huida -- Una noche excepcional -- La prima Isabel -- La tía Carmen -- El vecindario ...
650 _aPoesía boliviana
_92577
650 _aLiteratura boliviana
_94271
650 _aNovelas
_9218
942 _2ddc
_cLIBROS
945 _arum